| 000 | 00492cam a22001577a 4500 | ||
|---|---|---|---|
| 008 | 180718b1996 xxu||||| |||| 00| 0 eng d | ||
| 020 | _a818681602x | ||
| 082 | _aD C454 | ||
| 100 | _aChomsky, Noam | ||
| 245 |
_aPowers and prospects: reflections on human nature and the social order _cby Noam Chomsky |
||
| 260 |
_aDelhi _bMadhyam Books _c1996 |
||
| 300 | _a244p. | ||
| 650 | _aPhilosophical anthropology | ||
| 650 | _aWorld politics --1989- | ||
| 650 | _aLanguage and languages --Philosophy | ||
| 999 |
_c395363 _d395363 |
||